Theatro critico universal, o discursos varios en todo genero de materias, para desengaño de errores comunes. (Record no. 8351)

MARC details
000 -CABECERA
campo de control de longitud fija 00942nam a2200217 a 4500
001 - NÚMERO DE CONTROL
campo de control BRCA_8698
005 - FECHA Y HORA DE LA ÚLTIMA TRANSACCIÓN
campo de control 20190320210353.0
008 - DATOS DE LONGITUD FIJA--INFORMACIÓN GENERAL
campo de control de longitud fija 180117s1750----sp-#######---#000-0#spa-#
041 ## - CÓDIGO DE LENGUA
Código de lengua del texto/banda sonora o título independiente spa
044 ## - CÓDIGO DEL PAÍS DE LA ENTIDAD EDITORA/PRODUCTORA
Código MARC del país sp
084 ## - OTRO NÚMERO DE CLASIFICACIÓN
Número de clasificación BE41
-- .F45 1750
100 1# - ENTRADA PRINCIPAL--NOMBRE DE PERSONA
Nombre de persona Feijóo, Benito Geronimo
Fechas asociadas al nombre 1676 - 1764
9 (RLIN) 21673
245 10 - MENCIÓN DE TÍTULO
Título Theatro critico universal, o discursos varios en todo genero de materias, para desengaño de errores comunes.
260 ## - PUBLICACIÓN, DISTRIBUCIÓN, ETC.
Lugar de publicación, distribución, etc. Madrid
Nombre del editor, distribuidor, etc. En la Imprenta de los Herederos de Francisco del Hierro
Fecha de publicación, distribución, etc. 1750
300 ## - DESCRIPCIÓN FÍSICA
Extensión [42] 399 p. (t.6)
Dimensiones 20.4 x 15 cm.
500 ## - NOTA GENERAL
Nota general En portada: Dedicado al Rmo. P.M. Fr. Bernardo Martin, General de la Congregación de San Benito de España, Inglaterra, &c.
500 ## - NOTA GENERAL
Nota general Estado físico: presenta encuadernación en pergamino con lomo despejado, algunas hojas manchadas, carece de cintas y contiene anotaciones en su interior
650 14 - PUNTO DE ACCESO ADICIONAL DE MATERIA--TÉRMINO DE MATERIA
Término de materia o nombre geográfico como elemento de entrada Drama español
9 (RLIN) 21674
902 ## - CATALOGADOR
Iniciales CFM
942 ## - ELEMENTOS DE PUNTO DE ACCESO ADICIONAL (KOHA)
Fuente del sistema de clasificación o colocación Library of Congress Classification
Tipo de ítem Koha Libros
Holdings
Estado de retiro Estado de pérdida Fuente del sistema de clasificación o colocación Estado dañado No para préstamo Código de colección Localización permanente Ubicación/localización actual Fecha de adquisición Fuente de adquisición Total de préstamos Signatura topográfica completa Código de barras Fecha visto por última vez Precio válido a partir de Tipo de ítem Koha
El ejemplar forma parte de la colección y puede ser consultado según las políticas vigentes.   Library of Congress Classification     Conventual Franz Mayer Biblioteca del Museo Franz Mayer (Rogerio Casas-Alatriste) Biblioteca del Museo Franz Mayer (Rogerio Casas-Alatriste) 18/01/2017 Donación   BE41 .F45 1750 CFM00038 22/03/2019 22/03/2019 Libros